| 000 | 01179nam a2200289 i 4500 | ||
|---|---|---|---|
| 003 | CSPC | ||
| 005 | 20241007094500.0 | ||
| 008 | 241007s2021 sw b 001 0 eng d | ||
| 020 | _a9781484263723 | ||
| 040 |
_aCSPC _beng _cCSPC _erda |
||
| 050 | 4 |
_aQ325.5 _b.H85 2021 |
|
| 082 | 4 |
_223 _a006.31 _bH877m |
|
| 100 | 1 |
_aHull, Isaiah, _eauthor. |
|
| 245 | 1 | 0 |
_aMachine learning for economics and finance in TensorFlow 2 : _bdeep learning models for research and industry / _cIsaiah Hull. |
| 264 | 1 |
_aNacka, Sweden : _bApress, _c2021. |
|
| 300 |
_axiii, 368 pages ; _c23 cm. |
||
| 336 |
_2rdacontent _atext |
||
| 337 |
_2rdamedia _aunmediated |
||
| 338 |
_2rdacarrier _avolume |
||
| 500 | _aIncludes index. | ||
| 505 | 0 | _aTensorFlow 2 -- Machine learning and economics -- Regression -- Trees -- Image classification -- Text data -- Time series -- Dimensionality reduction -- Generative models -- Theoretical models. | |
| 650 | 0 |
_aApplication software _xDevelopment. |
|
| 650 | 0 | _aMachine learning. | |
| 650 | 0 | _aTensorFlow. | |
| 942 |
_2ddc _n0 _cBK _e23 _h006.31 _iH877m _kGRD _m2021 |
||
| 999 |
_c28309 _d28309 |
||